| 000 | 00463nam a2200169Ia 4500 | ||
|---|---|---|---|
| 008 | 151213s9999 xx 000 0 und d | ||
| 020 | _a81-203-0409-8 | ||
| 100 | _aYu - Cheng Liu, Glenna , Gibson | ||
| 245 |
_aProgramming & Design _cYu - Cheng Liu, Glenna , Gibson |
||
| 250 | _a2nd | ||
| 260 |
_aNew Delhi _bPrentic Hall _c2004 |
||
| 300 | _a4917 p. | ||
| 650 | _aComputer | ||
| 650 | _aComputer | ||
| 700 | _aYu - Cheng Liu, Glenna , Gibson | ||
| 999 |
_c3089 _d3089 |
||